| 000 | 01894pam a2200397 a 4500 | ||
|---|---|---|---|
| 001 | 691653 | ||
| 003 | OSt | ||
| 005 | 20140310181637.0 | ||
| 008 | 960919s1997 caua f 000 0 eng | ||
| 010 | _a 96035708 | ||
| 020 | _a0803965400 (cloth : acidfree paper) | ||
| 020 | _a080396417X (pbk. : acidfree paper) | ||
| 040 |
_aDLC _cDLC _dDLC |
||
| 043 | _an-us--- | ||
| 050 | 0 | 0 |
_aLB 2822.5 _b.H867 1997 |
| 082 | 0 | 0 |
_aTR 372.12 _bH69 1997 |
| 100 | 1 | _aHoy, Wayne K. | |
| 245 | 1 | 4 |
_aThe road to open and healthy schools : _ba handbook for change / _cWayne K. Hoy, C. John Tarter. |
| 250 | _aElementary and middle school ed. | ||
| 260 |
_aLondon : _bCorwin Press, _cc1997. |
||
| 300 |
_ax, 116 p. : _bill. ; _c29 cm. |
||
| 505 | 0 | _aCulture or climate : a useful distinction -- Open climates in elementary schools -- Healthy climates in elementary schools -- Open climates in middle schools -- Healthy climates in middle schools -- Improving school climate. | |
| 521 | _aFaculty | ||
| 541 | _j1 | ||
| 562 | _e1 | ||
| 650 | 0 |
_aElementary school administration _zUnited States _xEvaluation _xHandbooks, manuals, etc. |
|
| 650 | 0 |
_aMiddle schools _zUnited States _xAdministration _xEvaluation _xHandbooks, manuals, etc. |
|
| 650 | 0 |
_aSchool environment _zUnited States _xEvaluation _xHandbooks, manuals, etc. |
|
| 650 | 0 |
_aSchool improvement programs _zUnited States _xHandbooks, manuals, etc. |
|
| 700 | 1 | _aTarter, Clemens John. | |
| 856 | 4 | 2 |
_3Publisher description _uhttp://www.loc.gov/catdir/enhancements/fy0655/96035708-d.html |
| 856 | 4 | 1 |
_3Table of contents only _uhttp://www.loc.gov/catdir/enhancements/fy0655/96035708-t.html |
| 906 |
_a7 _bcbc _corignew _d1 _eocip _f19 _gy-gencatlg |
||
| 942 |
_2lcc _cBK-TR _kTR |
||
| 999 |
_c720 _d720 |
||